000 01554nam a22004457a 4500
001 000095773
003 CHAP
005 20250217091305.0
008 060523d2006 mx a r 00110 spa d
010 _a92239
011 _a93211
035 _a103783
040 _cCHAP
090 _aTesis
100 1 _aCrisanto Martínez, Verónica.
_928972
245 1 0 _aAnálisis de daños por compresión e impacto en frutos de mango (Mangifera indica L.) /
_c/por Verónica Crisanto Martínez.
260 _aChapingo, Méx. :
_bEl autor,
_c2006.
300 _a65 h. :
_blus.; gráfs.; cuadros.
502 _aTesis ( Ing. Agroindustrial) - - UACH. Departamento de Ingeniería Agroindustrial
590 _aALEPH
_b10
_c20130110
590 _aBATCH-UPD
_b10
_c20130110
590 _aBATCH-UPD
_b10
_c20130110
590 _aBATCH-UPD
_b10
_c20130410
590 _aBATCH-UPD
_b10
_c20130914
590 _aBATCH-UPD
_b10
_c20140324
590 _aBATCH-UPD
_b10
_c20141002
590 _aCONVERSION
_b10
_c20130109
590 _aE5765TAJ
_b10
_c20130613
650 1 4 _aMango
_xAnálisis.
_970397
650 1 4 _aMango
_xFisiología y morfología.
_970418
650 1 4 _aMango
_xMaduración.
_970432
650 1 4 _aMango
_xPérdidas postcosecha.
_970447
856 _3Finding aid
_uhttp://10.13.5.2/tesis/103783.pdf
_zTeclea aquí
901 _aBK
905 _aElisama Arellano H.
942 _cCD
_2ddc
942 _n0
_2ddc
949 _aTesis
_bBC
_cTES
_d00000000103783
_eTS1
_h45123
_i103783
_sb
949 _aTesis
_bBC
_cTES
_d33724000871091
_eTS2
_fc.2
_h45124
_i103783
_si
999 _c92239
_d92239